000 00347nam a2200133Ia 4500
008 240624s9999 xx 000 0 und d
041 _aeng
082 _a158.2 DYE
100 _aDYER WAYNE W
245 _aPULLING YOUR OWN STRINGS DYNAMIC TECHNIQ
260 _c2001
_aNew York
_bAvon Books
300 _axiv, : 293 : p. : cm. ; 16
365 _cRS
_b35
999 _c7921
_d7921